[Event "Madrid-chT 2021"]
[Site "Madrid"]
[Date "2021.04.17"]
[Round "8.6"]
[White "Rottenwohrer Suarez, Juan"]
[Black "Matesanz Bonastre, Rafael"]
[Result "1-0"]
[WhiteElo "2203"]
[BlackElo "1924"]
[PlyCount "127"]
[EventDate "2021.01.24"]
[EventType "team-tourn"]
[EventRounds "14"]
[EventCountry "ESP"]
[SourceTitle "Ajedrez en Madrid"]
[Source "lmi"]
[SourceDate "2021.01.23"]
[SourceVersion "1"]
[SourceVersionDate "2021.06.08"]
[SourceQuality "1"]
[WhiteTeam "Blanco y Negro"]
[BlackTeam "Capablanca"]
[WhiteTeamCountry "ESP"]
[BlackTeamCountry "ESP"]

1. Nf3 d5 2. d4 e6 3. c4 Nf6 4. Nc3 Be7 5. cxd5 exd5 6. Bg5 c6 7. Qc2 h6 8. Bh4
O-O 9. e3 Re8 10. Bd3 Nbd7 11. O-O Ne4 12. Bxe7 Qxe7 13. Rab1 Ng5 14. Nd2 Nf6
15. Rfe1 Nfe4 16. f4 Nxd2 17. Qxd2 Ne4 18. Bxe4 dxe4 19. b4 Be6 20. Rec1 Bc4
21. Na4 Bd5 22. Nc5 Rac8 23. a4 Red8 24. Qb2 b6 25. Na6 Qb7 26. b5 Kh8 27. Nb4
c5 28. dxc5 Rxc5 29. Rxc5 bxc5 30. Na6 Rc8 31. Rc1 Qb6 32. Qc3 c4 33. Nb4 Bb7
34. Nc2 Rd8 35. Nd4 Bd5 36. Nf5 Qg6 37. Nd4 Kh7 38. Rd1 Qh5 39. Rd2 Qh4 40. g3
Qf6 41. Qc2 Rc8 42. Ne2 Be6 43. Qxe4+ Bf5 44. Qd4 c3 45. Qxf6 gxf6 46. Rd1 c2
47. Rc1 Rc4 48. Kf2 Rb4 49. Ke1 Rxa4 50. Nd4 Be4 51. Nxc2 Ra2 52. Nd4 Rxh2 53.
Rc7 Ra2 54. Rxf7+ Kg6 55. Re7 f5 56. g4 Ra1+ 57. Kd2 Ra2+ 58. Ke1 Bd3 59. Re6+
Kg7 60. gxf5 h5 61. Re7+ Kh6 62. f6 Kg6 63. f7 Kg7 64. Ne6+ 1-0

[Event "Madrid-chT 2021"]
[Site "Madrid"]
[Date "2021.04.18"]
[Round "8.2"]
[White "Pulvett Marin, Daniel Eduardo"]
[Black "Plazuelo Pascual, Juan"]
[Result "1/2-1/2"]
[WhiteElo "2472"]
[BlackElo "2459"]
[PlyCount "25"]
[EventDate "2021.01.24"]
[EventType "team-tourn"]
[EventRounds "14"]
[EventCountry "ESP"]
[SourceTitle "Ajedrez en Madrid"]
[Source "lmi"]
[SourceDate "2021.01.23"]
[SourceVersion "1"]
[SourceVersionDate "2021.06.08"]
[SourceQuality "1"]
[WhiteTeam "Collado Villalba"]
[BlackTeam "Virgen de Atocha"]
[WhiteTeamCountry "ESP"]
[BlackTeamCountry "ESP"]

1. d4 Nf6 2. c4 e6 3. Nf3 d5 4. g3 dxc4 5. Bg2 Bb4+ 6. Bd2 a5 7. Qc2 Bxd2+ 8.
Qxd2 c6 9. a4 b5 10. axb5 cxb5 11. Qg5 O-O 12. Qxb5 Ba6 13. Qa4 1/2-1/2

[Event "Madrid-chT 2021"]
[Site "Madrid"]
[Date "2021.04.18"]
[Round "8.3"]
[White "Almagro Llamas, Pablo"]
[Black "Martin Duque, Jesus"]
[Result "1-0"]
[WhiteElo "2429"]
[BlackElo "2439"]
[PlyCount "55"]
[EventDate "2021.01.24"]
[EventType "team-tourn"]
[EventRounds "14"]
[EventCountry "ESP"]
[SourceTitle "Ajedrez en Madrid"]
[Source "lmi"]
[SourceDate "2021.01.23"]
[SourceVersion "1"]
[SourceVersionDate "2021.06.08"]
[SourceQuality "1"]
[WhiteTeam "Virgen de Atocha"]
[BlackTeam "Collado Villalba"]
[WhiteTeamCountry "ESP"]
[BlackTeamCountry "ESP"]

1. d4 Nf6 2. Nf3 c5 3. d5 b5 4. Bg5 g6 5. a4 b4 6. Nbd2 Bg7 7. e4 O-O 8. e5
Nxd5 9. Ne4 Bb7 10. Nxc5 Bc6 11. Bc4 d6 12. Nd3 Nb6 13. Bb3 a5 14. e6 f5 15. h4
Na6 16. h5 Nc5 17. hxg6 hxg6 18. Nh4 Qe8 19. Nf4 Ne4 20. Nhxg6 Nxg5 21. Qh5 Bf6
22. Qh6 Bxg2 23. Nxg2 d5 24. N2f4 Ra7 25. Rh5 Nf3+ 26. Kd1 Rf7 27. exf7+ Qxf7
28. Rxf5 1-0

[Event "Madrid-chT 2021"]
[Site "Madrid"]
[Date "2021.04.18"]
[Round "8.4"]
[White "Quispe Arteaga, Gabriel"]
[Black "Rubio Mejia, Luis Ignacio"]
[Result "1/2-1/2"]
[WhiteElo "2380"]
[BlackElo "2392"]
[PlyCount "46"]
[EventDate "2021.01.24"]
[EventType "team-tourn"]
[EventRounds "14"]
[EventCountry "ESP"]
[SourceTitle "Ajedrez en Madrid"]
[Source "lmi"]
[SourceDate "2021.01.23"]
[SourceVersion "1"]
[SourceVersionDate "2021.06.08"]
[SourceQuality "1"]
[WhiteTeam "Collado Villalba"]
[BlackTeam "Virgen de Atocha"]
[WhiteTeamCountry "ESP"]
[BlackTeamCountry "ESP"]

1. d4 Nf6 2. c4 e6 3. g3 d5 4. Bg2 Be7 5. Nf3 O-O 6. Nbd2 c5 7. dxc5 Bxc5 8.
O-O Nc6 9. a3 a5 10. Nb3 Bb6 11. cxd5 exd5 12. Nbd4 Re8 13. Be3 Bg4 14. Nc2 Bh5
15. h3 Bg6 16. Ncd4 Rxe3 17. fxe3 Ne4 18. g4 a4 19. Rc1 Qd6 20. Nh4 Bc7 21.
Nhf3 Bb6 22. Nh4 Bc7 23. Nhf3 Bb6 1/2-1/2

[Event "Madrid-chT 2021"]
[Site "Madrid"]
[Date "2021.04.18"]
[Round "8.5"]
[White "Vazquez Torres, Adrian"]
[Black "Lianes Garcia, Marcos"]
[Result "0-1"]
[WhiteElo "2161"]
[BlackElo "2405"]
[PlyCount "52"]
[EventDate "2021.01.24"]
[EventType "team-tourn"]
[EventRounds "14"]
[EventCountry "ESP"]
[SourceTitle "Ajedrez en Madrid"]
[Source "lmi"]
[SourceDate "2021.01.23"]
[SourceVersion "1"]
[SourceVersionDate "2021.06.08"]
[SourceQuality "1"]
[WhiteTeam "Virgen de Atocha"]
[BlackTeam "Collado Villalba"]
[WhiteTeamCountry "ESP"]
[BlackTeamCountry "ESP"]

1. e4 e5 2. Nf3 Nc6 3. Nc3 Nf6 4. Bb5 Nd4 5. Bd3 Bc5 6. Nxd4 Bxd4 7. Qf3 O-O 8.
h3 c6 9. g4 d5 10. g5 Nxe4 11. Bxe4 Qxg5 12. Bxd5 cxd5 13. d3 Qh4 14. Nxd5 Be6
15. Ne3 f5 16. Rg1 f4 17. Qxb7 g6 18. Nd1 Qxh3 19. c3 Qxd3 20. cxd4 Bc4 21. Nc3
exd4 22. Rh1 h5 23. Rxh5 Qf1+ 24. Kd2 Qxf2+ 25. Kd1 Qf1+ 26. Kc2 Qd3# 0-1

[Event "Madrid-chT 2021"]
[Site "Madrid"]
[Date "2021.04.18"]
[Round "8.6"]
[White "Suarez Uriel, Adrian"]
[Black "Martinez Conde Hernandez, Carlos"]
[Result "1/2-1/2"]
[WhiteElo "2372"]
[BlackElo "2097"]
[PlyCount "149"]
[EventDate "2021.01.24"]
[EventType "team-tourn"]
[EventRounds "14"]
[EventCountry "ESP"]
[SourceTitle "Ajedrez en Madrid"]
[Source "lmi"]
[SourceDate "2021.01.23"]
[SourceVersion "1"]
[SourceVersionDate "2021.06.08"]
[SourceQuality "1"]
[WhiteTeam "Collado Villalba"]
[BlackTeam "Virgen de Atocha"]
[WhiteTeamCountry "ESP"]
[BlackTeamCountry "ESP"]

1. e4 c5 2. Nf3 e6 3. d4 cxd4 4. Nxd4 Nc6 5. Nc3 Qc7 6. Be3 a6 7. Qf3 Nf6 8.
O-O-O Ne5 9. Qg3 b5 10. f4 Neg4 11. Bg1 h5 12. e5 b4 13. Na4 Nd5 14. h3 Nh6 15.
Bd3 Bb7 16. f5 Be7 17. Kb1 h4 18. Qe1 Nf4 19. Be4 Nxg2 20. Qe2 Nf4 21. Qf3 Bxe4
22. Qxe4 Nd5 23. Be3 Rc8 24. Bc1 Qa5 25. b3 Qxa4 26. Qxd5 Qxa2+ 27. Kxa2 exd5
28. Bb2 Rc5 29. Rhg1 d6 30. e6 Bf6 31. Kb1 Rc8 32. Rdf1 O-O 33. Nc6 Bxb2 34.
Ne7+ Kh7 35. Nxc8 Bd4 36. Nxd6 Bf6 37. Rf4 a5 38. Rd1 Be7 39. Rxd5 fxe6 40. f6
gxf6 41. Rd3 Rg8 42. Nc4 Rg1+ 43. Ka2 f5 44. Rd7 Rg7 45. Nxa5 e5 46. Rf1 e4 47.
Nc4 Bf6 48. Rxg7+ Kxg7 49. Ne3 Bc3 50. Kb1 Bd2 51. Nxf5+ Nxf5 52. Rxf5 e3 53.
Re5 Kf6 54. Re8 Kf5 55. c4 bxc3 56. Kc2 Kf4 57. Kd3 Kf3 58. Rf8+ Kg2 59. Rb8
Kf1 60. b4 Ke1 61. Ra8 c2 62. Kxc2 Bxb4 63. Kd3 Kf2 64. Ra4 Bd6 65. Re4 Bg3 66.
Rxe3 Kg2 67. Ke2 Kxh3 68. Kf3 Kh2 69. Re2+ Kh1 70. Kg4 Kg1 71. Kh3 Bf2 72. Rc2
Bg3 73. Ra2 Kf1 74. Rd2 Bf2 75. Rxf2+ 1/2-1/2

[Event "Madrid-chT 2021"]
[Site "Madrid"]
[Date "2021.04.18"]
[Round "8.1"]
[White "Reyes Larena, Juan"]
[Black "Elissalt Cardenas, Hector"]
[Result "1/2-1/2"]
[WhiteElo "2451"]
[BlackElo "2286"]
[PlyCount "120"]
[EventDate "2021.01.24"]
[EventType "team-tourn"]
[EventRounds "14"]
[EventCountry "ESP"]
[SourceTitle "Ajedrez en Madrid"]
[Source "lmi"]
[SourceDate "2021.01.23"]
[SourceVersion "1"]
[SourceVersionDate "2021.06.08"]
[SourceQuality "1"]
[WhiteTeam "San Sebastian de los Reyes"]
[BlackTeam "Tajamar"]
[WhiteTeamCountry "ESP"]
[BlackTeamCountry "ESP"]

1. e4 c5 2. Nf3 e6 3. c3 d5 4. e5 d4 5. Bd3 Nc6 6. Be4 Bd7 7. O-O Nge7 8. Re1
Ng6 9. d3 Be7 10. cxd4 cxd4 11. Bxc6 Bxc6 12. Nbd2 O-O 13. Nb3 Bb4 14. Bd2 Bxd2
15. Nbxd2 Nh4 16. Nxh4 Qxh4 17. Ne4 Rad8 18. Qd2 Rd7 19. f4 f5 20. Nc5 Re7 21.
Qf2 Qxf2+ 22. Kxf2 Bd5 23. Nb3 Bxb3 24. axb3 a6 25. Rec1 Kf7 26. b4 Rd8 27. Rc5
Red7 28. Rac1 Rd5 29. b5 Rxc5 30. Rxc5 axb5 31. Rxb5 Rd7 32. Ke2 g5 33. g3 Rc7
34. Kd2 gxf4 35. gxf4 Kg6 36. Rb6 Kh5 37. Rd6 Kg4 38. Rxd4 Kf3 39. Rd6 Re7 40.
Rd4 Rc7 41. b4 b5 42. Rd6 Re7 43. Rb6 Kxf4 44. Rxb5 Kf3 45. Rb8 Kf4 46. b5 Kxe5
47. Ke3 f4+ 48. Ke2 Rg7 49. Rd8 Rg2+ 50. Kf3 Rxh2 51. d4+ Kf5 52. Rf8+ Kg5 53.
Rxf4 Rb2 54. Re4 Kf6 55. Re5 Ke7 56. Rc5 Kd7 57. Ke4 Rb3 58. d5 exd5+ 59. Rxd5+
Kc7 60. Kd4 Rb1 1/2-1/2

[Event "Madrid-chT 2021"]
[Site "Madrid"]
[Date "2021.04.18"]
[Round "8.2"]
[White "Ingunza Curro, Andres"]
[Black "Martinez Fernandez, Raul"]
[Result "1-0"]
[WhiteElo "2332"]
[BlackElo "2170"]
[PlyCount "61"]
[EventDate "2021.01.24"]
[EventType "team-tourn"]
[EventRounds "14"]
[EventCountry "ESP"]
[SourceTitle "Ajedrez en Madrid"]
[Source "lmi"]
[SourceDate "2021.01.23"]
[SourceVersion "1"]
[SourceVersionDate "2021.06.08"]
[SourceQuality "1"]
[WhiteTeam "Tajamar"]
[BlackTeam "San Sebastian de los Reyes"]
[WhiteTeamCountry "ESP"]
[BlackTeamCountry "ESP"]

1. e4 e5 2. Nf3 Nc6 3. Bc4 Nf6 4. d3 Be7 5. O-O O-O 6. Re1 d6 7. a4 Na5 8. Ba2
c5 9. Nbd2 a6 10. Nc4 Nc6 11. Ne3 Nb4 12. Bb1 Be6 13. c3 Nc6 14. d4 cxd4 15.
cxd4 exd4 16. Nxd4 Nxd4 17. Qxd4 Nd7 18. Nd5 Nc5 19. Ra3 Re8 20. Rg3 f6 21. b4
Nd7 22. e5 fxe5 23. Qe4 Nf8 24. Bh6 g6 25. f4 Bh4 26. fxe5 Bxg3 27. hxg3 Bf5
28. Qc4 Kh8 29. e6 Re7 30. Qd4+ Kg8 31. Qf6 1-0

[Event "Madrid-chT 2021"]
[Site "Madrid"]
[Date "2021.04.18"]
[Round "8.3"]
[White "Quevedo Marin, Manuel"]
[Black "Mkrtchyan, Levon"]
[Result "1/2-1/2"]
[WhiteElo "2199"]
[BlackElo "2211"]
[PlyCount "76"]
[EventDate "2021.01.24"]
[EventType "team-tourn"]
[EventRounds "14"]
[EventCountry "ESP"]
[SourceTitle "Ajedrez en Madrid"]
[Source "lmi"]
[SourceDate "2021.01.23"]
[SourceVersion "1"]
[SourceVersionDate "2021.06.08"]
[SourceQuality "1"]
[WhiteTeam "San Sebastian de los Reyes"]
[BlackTeam "Tajamar"]
[WhiteTeamCountry "ESP"]
[BlackTeamCountry "ESP"]

1. d4 Nf6 2. c4 e5 3. dxe5 Ng4 4. Nf3 Bc5 5. e3 Nc6 6. Be2 Ngxe5 7. O-O O-O 8.
Nc3 Re8 9. b3 a5 10. Bb2 Nxf3+ 11. Bxf3 Ne5 12. Nd5 Ra6 13. Bd4 Bf8 14. Be2 Rh6
15. g3 Nc6 16. Bc3 d6 17. f3 f5 18. Bd3 b6 19. Bd2 g5 20. Qc2 Qd7 21. Rae1 Bg7
22. Bc3 Ne5 23. Re2 Nxd3 24. Qxd3 Qf7 25. Rfe1 Be6 26. e4 f4 27. g4 Rh3 28.
Bxg7 Qxg7 29. Rg2 Kh8 30. Rd1 Rb8 31. Rc1 Rg8 32. Qc3 Qxc3 33. Rxc3 Rg7 34.
Rgc2 h5 35. gxh5 Rxh5 36. Rg2 Bh3 37. Rgc2 Be6 38. Rg2 Bh3 1/2-1/2

[Event "Madrid-chT 2021"]
[Site "Madrid"]
[Date "2021.04.18"]
[Round "8.4"]
[White "Rodriguez Lopez, David"]
[Black "Alfaya Marcelo, Roberto"]
[Result "1/2-1/2"]
[WhiteElo "2161"]
[BlackElo "2186"]
[PlyCount "149"]
[EventDate "2021.01.24"]
[EventType "team-tourn"]
[EventRounds "14"]
[EventCountry "ESP"]
[SourceTitle "Ajedrez en Madrid"]
[Source "lmi"]
[SourceDate "2021.01.23"]
[SourceVersion "1"]
[SourceVersionDate "2021.06.08"]
[SourceQuality "1"]
[WhiteTeam "Tajamar"]
[BlackTeam "San Sebastian de los Reyes"]
[WhiteTeamCountry "ESP"]
[BlackTeamCountry "ESP"]

1. e4 c5 2. c3 d5 3. exd5 Qxd5 4. d4 Nf6 5. Nf3 Bg4 6. Be2 e6 7. O-O Nc6 8. Na3
Be7 9. Nb5 Rc8 10. h3 Bh5 11. dxc5 Bxc5 12. Bf4 O-O 13. Bd6 Bxd6 14. Nxd6 Rc7
15. Qxd5 Nxd5 16. Nb5 Rd7 17. Nfd4 Bxe2 18. Nxe2 a6 19. Nbd4 Nxd4 20. Nxd4 Rfd8
21. f4 Nxf4 22. Rxf4 e5 23. Re4 exd4 24. Rd1 d3 25. Rd2 f5 26. Rf4 Rd5 27. c4
Re5 28. Kf2 Re4 29. Rxf5 Rxc4 30. Ke3 Rcd4 31. Re5 R4d7 32. Re4 g5 33. Rc4 Re7+
34. Re4 Red7 35. Rc4 Kf7 36. Rc3 Ke6 37. Rcxd3 Rxd3+ 38. Rxd3 Rxd3+ 39. Kxd3
Ke5 40. Ke3 a5 41. a4 h5 42. g3 Kd5 43. Kd3 b6 44. b3 Kc5 45. Ke4 Kb4 46. Kf5
g4 47. hxg4 hxg4 48. Kxg4 Kxb3 49. Kh5 Kxa4 50. g4 b5 51. g5 b4 52. g6 b3 53.
g7 b2 54. g8=Q b1=Q 55. Qc4+ Qb4 56. Qa2+ Kb5 57. Qe2+ Qc4 58. Qb2+ Kc5 59.
Qa3+ Kb6 60. Qd6+ Qc6 61. Qb8+ Ka6 62. Kh4 a4 63. Qb4 Qb5 64. Qc3 Kb6 65. Qf6+
Ka5 66. Qd8+ Kb4 67. Qd2+ Kc4 68. Qc2+ Kd4 69. Qd1+ Kc5 70. Qg1+ Kc6 71. Qg6+
Kc5 72. Qg1+ Kc4 73. Qf1+ Kb4 74. Qe1+ Kc5 75. Qg1+ 1/2-1/2

[Event "Madrid-chT 2021"]
[Site "Madrid"]
[Date "2021.04.18"]
[Round "8.5"]
[White "Jovancevic, Jovan"]
[Black "Cuellar Gutierrez, Raul"]
[Result "1-0"]
[WhiteElo "2125"]
[BlackElo "1985"]
[PlyCount "101"]
[EventDate "2021.01.24"]
[EventType "team-tourn"]
[EventRounds "14"]
[EventCountry "ESP"]
[SourceTitle "Ajedrez en Madrid"]
[Source "lmi"]
[SourceDate "2021.01.23"]
[SourceVersion "1"]
[SourceVersionDate "2021.06.08"]
[SourceQuality "1"]
[WhiteTeam "San Sebastian de los Reyes"]
[BlackTeam "Tajamar"]
[WhiteTeamCountry "ESP"]
[BlackTeamCountry "ESP"]

1. d4 Nf6 2. c4 g6 3. Nc3 d5 4. Bf4 Bg7 5. Nf3 c5 6. dxc5 Qa5 7. Rc1 dxc4 8. e3
Qxc5 9. Qd4 Bd7 10. Qxc4 Qxc4 11. Bxc4 Nc6 12. h3 a6 13. Ke2 O-O 14. Rhd1 Rac8
15. g4 Rfd8 16. Ng5 Be8 17. Rxd8 Rxd8 18. Bc7 Rc8 19. Bb6 Ne5 20. Bb3 h6 21.
Nf3 Bb5+ 22. Nxb5 Rxc1 23. Nxe5 axb5 24. Bxf7+ Kf8 25. Bxg6 Rh1 26. Kf3 Nd5 27.
Bd4 Bxe5 28. Bxe5 Nf6 29. b4 Rd1 30. Bc2 Rd2 31. Bb3 Rd8 32. Kf4 Nd5+ 33. Kf5
Nxb4 34. Kg6 Nd3 35. Bg3 e5 36. Kxh6 Rd6+ 37. Kg5 Kg7 38. f4 Rg6+ 39. Kf5 Rf6+
40. Ke4 exf4 41. exf4 Nc5+ 42. Kd5 Nxb3 43. axb3 Rc6 44. f5 Rc1 45. Ke6 Rf1 46.
Be5+ Kh7 47. g5 Rf3 48. g6+ Kh6 49. g7 Kh7 50. Kf7 Rxf5+ 51. Bf6 1-0

[Event "Madrid-chT 2021"]
[Site "Madrid"]
[Date "2021.04.18"]
[Round "8.6"]
[White "Sahuquillo Cruz, Alejandro"]
[Black "Hernandez Ramos, David"]
[Result "1/2-1/2"]
[WhiteElo "1993"]
[BlackElo "2087"]
[PlyCount "100"]
[EventDate "2021.01.24"]
[EventType "team-tourn"]
[EventRounds "14"]
[EventCountry "ESP"]
[SourceTitle "Ajedrez en Madrid"]
[Source "lmi"]
[SourceDate "2021.01.23"]
[SourceVersion "1"]
[SourceVersionDate "2021.06.08"]
[SourceQuality "1"]
[WhiteTeam "Tajamar"]
[BlackTeam "San Sebastian de los Reyes"]
[WhiteTeamCountry "ESP"]
[BlackTeamCountry "ESP"]

1. e4 e6 2. d4 d5 3. Nd2 c5 4. dxc5 Bxc5 5. exd5 Qxd5 6. Ngf3 Nf6 7. Bc4 Qc6 8.
Qe2 a6 9. a4 Nbd7 10. a5 O-O 11. O-O h6 12. Nb3 Bd6 13. Rd1 Nc5 14. Nxc5 Bxc5
15. Bf4 b5 16. axb6 Qxb6 17. Be5 Bb7 18. c3 a5 19. Nd4 Be7 20. Rd3 Ba6 21. Bxa6
Qxa6 22. Qc2 Nd5 23. Re1 Bc5 24. Nb3 Ba7 25. Rg3 f6 26. Qg6 Bxf2+ 27. Kxf2
fxe5+ 28. Kg1 Qa7+ 29. Kh1 Rf6 30. Qg4 Raf8 31. Nd2 Qf7 32. h3 Rf4 33. Qg6 Rf2
34. Qxf7+ R8xf7 35. Nc4 Rf1+ 36. Rxf1 Rxf1+ 37. Kh2 Rf2 38. b3 Rc2 39. Nxe5
Rxc3 40. Rxc3 Nxc3 41. Nc6 a4 42. bxa4 Nxa4 43. Nd8 Nc5 44. Kg3 Kf8 45. Nc6 Kf7
46. Kf4 Kf6 47. h4 e5+ 48. Nxe5 g5+ 49. hxg5+ hxg5+ 50. Kg4 Kxe5 1/2-1/2

[Event "Madrid-chT 2021"]
[Site "Madrid"]
[Date "2021.04.18"]
[Round "8.1"]
[White "Montañes Arribas, Adrian"]
[Black "Valles Moreno, Ivan"]
[Result "1/2-1/2"]
[WhiteElo "2272"]
[BlackElo "2415"]
[PlyCount "127"]
[EventDate "2021.01.24"]
[EventType "team-tourn"]
[EventRounds "14"]
[EventCountry "ESP"]
[SourceTitle "Ajedrez en Madrid"]
[Source "lmi"]
[SourceDate "2021.01.23"]
[SourceVersion "1"]
[SourceVersionDate "2021.06.08"]
[SourceQuality "1"]
[WhiteTeam "Vallecas CDV"]
[BlackTeam "Villalba 64"]
[WhiteTeamCountry "ESP"]
[BlackTeamCountry "ESP"]

1. d4 Nf6 2. c4 c5 3. d5 g6 4. Nc3 d6 5. Nf3 Bg7 6. e4 O-O 7. Be2 e6 8. O-O Re8
9. h3 e5 10. Ne1 Nbd7 11. Nd3 h6 12. Be3 Nf8 13. Re1 g5 14. Bf1 Ng6 15. g3 Bd7
16. Rb1 Qc8 17. Kh2 Nh7 18. b4 b6 19. Bg2 Kh8 20. bxc5 bxc5 21. Qb3 Re7 22. Nb5
Bxb5 23. Qxb5 f5 24. exf5 Qxf5 25. Nxc5 dxc5 26. d6 Ree8 27. d7 Rg8 28. Bxa8
Rxa8 29. Bxc5 Rd8 30. Red1 g4 31. hxg4 Qxg4 32. Be3 Nf4 33. Bxf4 exf4 34. Qb8
fxg3+ 35. Qxg3 Qh5+ 36. Kg1 Be5 37. Rd5 Bxg3 38. Rxh5 Bc7 39. Rb7 Rxd7 40. Kf1
Nf6 41. Rxh6+ Kg7 42. Rh3 Bb6 43. Rxd7+ Nxd7 44. Ke2 Kf6 45. f4 Nf8 46. Kf3 Ng6
47. Ke4 Bc5 48. Rh5 Bb4 49. c5 Bd2 50. Rh6 Kg7 51. Rh2 Ba5 52. Kf5 Nxf4 53. Rc2
Nd5 54. Ke6 Nc7+ 55. Kd7 Kf6 56. Re2 Kf5 57. c6 Bb6 58. a4 Na6 59. Ra2 Ke5 60.
a5 Bc7 61. Kc8 Kd6 62. Kb7 Nc5+ 63. Kxa7 Kxc6 64. Rc2 1/2-1/2

[Event "Madrid-chT 2021"]
[Site "Madrid"]
[Date "2021.04.18"]
[Round "8.2"]
[White "Garcia Luengo, Leandro"]
[Black "Martin Garcia, Guillermo Li"]
[Result "0-1"]
[WhiteElo "2343"]
[BlackElo "2242"]
[PlyCount "66"]
[EventDate "2021.01.24"]
[EventType "team-tourn"]
[EventRounds "14"]
[EventCountry "ESP"]
[SourceTitle "Ajedrez en Madrid"]
[Source "lmi"]
[SourceDate "2021.01.23"]
[SourceVersion "1"]
[SourceVersionDate "2021.06.08"]
[SourceQuality "1"]
[WhiteTeam "Villalba 64"]
[BlackTeam "Vallecas CDV"]
[WhiteTeamCountry "ESP"]
[BlackTeamCountry "ESP"]

1. f4 d5 2. Nf3 c5 3. g3 Nc6 4. Bg2 Nf6 5. O-O Bf5 6. d3 Qd7 7. Qe1 h5 8. Nc3
Nd4 9. Ne5 Qe6 10. Qd2 O-O-O 11. e3 Nc6 12. Qf2 Bh7 13. Nxc6 Qxc6 14. e4 e6 15.
exd5 exd5 16. Nxd5 Nxd5 17. c4 Bxd3 18. cxd5 Qg6 19. Re1 h4 20. Be3 hxg3 21.
hxg3 Be4 22. Rad1 Bxg2 23. Qxg2 Rh5 24. Rd2 Bd6 25. Rc1 Kb8 26. Bxc5 Bxc5+ 27.
Rxc5 Qb6 28. Rdc2 Rhxd5 29. Qf2 Rd1+ 30. Kg2 Qh6 31. Kf3 R8d3+ 32. Kg4 Qg6+ 33.
Rg5 f5+ 0-1

[Event "Madrid-chT 2021"]
[Site "Madrid"]
[Date "2021.04.18"]
[Round "8.3"]
[White "Beltran de Heredia Eguiaz, Miguel Angel"]
[Black "Lopez del Alamo, Antonio"]
[Result "1-0"]
[WhiteElo "2208"]
[BlackElo "2295"]
[PlyCount "55"]
[EventDate "2021.01.24"]
[EventType "team-tourn"]
[EventRounds "14"]
[EventCountry "ESP"]
[SourceTitle "Ajedrez en Madrid"]
[Source "lmi"]
[SourceDate "2021.01.23"]
[SourceVersion "1"]
[SourceVersionDate "2021.06.08"]
[SourceQuality "1"]
[WhiteTeam "Vallecas CDV"]
[BlackTeam "Villalba 64"]
[WhiteTeamCountry "ESP"]
[BlackTeamCountry "ESP"]

1. e4 c5 2. Nf3 e6 3. d4 cxd4 4. Nxd4 Nf6 5. Nc3 d6 6. g4 Nc6 7. g5 Nd7 8. Be3
a6 9. h4 Qc7 10. Qe2 Nde5 11. f4 Nxd4 12. Bxd4 Nc6 13. Be3 b5 14. h5 b4 15. Na4
Rb8 16. Rh3 Na5 17. b3 Bd7 18. Qxa6 Bxa4 19. bxa4 Be7 20. Bb5+ Kf8 21. O-O-O
Rc8 22. Rd2 b3 23. Bb6 bxa2 24. Kb2 Nc4+ 25. Bxc4 Qxc4 26. Qxc4 Rxc4 27. a5
Rxe4 28. Rc3 1-0

[Event "Madrid-chT 2021"]
[Site "Madrid"]
[Date "2021.04.18"]
[Round "8.4"]
[White "Sanchez Gonzalez, Sergio"]
[Black "Morona Minguez, Miguel"]
[Result "1/2-1/2"]
[WhiteElo "2298"]
[BlackElo "2052"]
[PlyCount "116"]
[EventDate "2021.01.24"]
[EventType "team-tourn"]
[EventRounds "14"]
[EventCountry "ESP"]
[SourceTitle "Ajedrez en Madrid"]
[Source "lmi"]
[SourceDate "2021.01.23"]
[SourceVersion "1"]
[SourceVersionDate "2021.06.08"]
[SourceQuality "1"]
[WhiteTeam "Villalba 64"]
[BlackTeam "Vallecas CDV"]
[WhiteTeamCountry "ESP"]
[BlackTeamCountry "ESP"]

1. Nf3 Nf6 2. g3 d5 3. Bg2 Bg4 4. c4 c6 5. O-O Nbd7 6. d4 e6 7. Nc3 Bd6 8. Nd2
Qb8 9. Qb3 b5 10. cxb5 cxb5 11. Qxb5 Bb4 12. f3 Bh5 13. e4 O-O 14. e5 Bxc3 15.
Qxb8 Bxd4+ 16. Kh1 Raxb8 17. exf6 Bxf6 18. Nb3 Rfc8 19. g4 Bg6 20. g5 Be7 21.
Bf4 Rb4 22. Be3 Nb6 23. Rfc1 Rbc4 24. Rxc4 Rxc4 25. Bf1 Rc2 26. Rc1 Nc4 27.
Rxc2 Bxc2 28. Bxc4 dxc4 29. Na5 c3 30. bxc3 a6 31. Nc6 Bd6 32. Nb4 Bd1 33. Nxa6
Bxf3+ 34. Kg1 Bc6 35. h4 f5 36. gxf6 gxf6 37. c4 Bb7 38. Nc5 Bxc5 39. Bxc5 Ba6
40. a4 Kf7 41. a5 Kg6 42. Kf2 Kf5 43. h5 Bxc4 44. Ke3 Kg4 45. Be7 f5 46. Kd4
Bd5 47. h6 f4 48. Bd6 Bb7 49. Kd3 Kf5 50. Kd4 Ba6 51. Bc7 Kg4 52. Bd6 Bb7 53.
Kd3 Kg5 54. Be5 f3 55. a6 Bxa6+ 56. Ke3 Bb7 57. Bg7 Kg4 58. Kf2 Bc6 1/2-1/2

[Event "Madrid-chT 2021"]
[Site "Madrid"]
[Date "2021.04.18"]
[Round "8.5"]
[White "Ballesteros Galvez, Daniel"]
[Black "Perdomo Araujo, Angel Eduardo"]
[Result "1/2-1/2"]
[WhiteElo "1919"]
[BlackElo "2013"]
[PlyCount "101"]
[EventDate "2021.01.24"]
[EventType "team-tourn"]
[EventRounds "14"]
[EventCountry "ESP"]
[SourceTitle "Ajedrez en Madrid"]
[Source "lmi"]
[SourceDate "2021.01.23"]
[SourceVersion "1"]
[SourceVersionDate "2021.06.08"]
[SourceQuality "1"]
[WhiteTeam "Vallecas CDV"]
[BlackTeam "Villalba 64"]
[WhiteTeamCountry "ESP"]
[BlackTeamCountry "ESP"]

1. e4 d5 2. exd5 Qxd5 3. Nc3 Qd6 4. d4 Nf6 5. Nf3 Bg4 6. h3 Bxf3 7. Qxf3 c6 8.
Be3 e6 9. Bd3 Nbd7 10. O-O-O Qc7 11. g4 Bd6 12. Kb1 Nd5 13. Nxd5 cxd5 14. g5 a6
15. h4 Nb6 16. h5 O-O-O 17. Qg4 Kb8 18. Ka1 Rc8 19. f4 Nc4 20. Bc1 g6 21. Rh3
Qb6 22. c3 Rhd8 23. Qe2 Qc7 24. hxg6 hxg6 25. Rh7 Rd7 26. Qf3 b5 27. Rdh1 Ka7
28. Rh8 Rxh8 29. Rxh8 Rd8 30. Rxd8 Qxd8 31. Qh3 Qc7 32. Qf1 Qb8 33. b3 Nb6 34.
Be3 Qc7 35. Qc1 Kb7 36. Qd2 Nc8 37. Qc1 Ne7 38. Bd2 Nf5 39. a4 b4 40. Kb2 bxc3+
41. Qxc3 Qxc3+ 42. Kxc3 Ng3 43. b4 Nh5 44. Kc2 Nxf4 45. Bf1 Nh5 46. b5 axb5 47.
Bxb5 Ng7 48. Kd3 Kb6 49. Bd7 Kc7 50. Bb5 Kb6 51. Bd7 1/2-1/2